000 01103cam a2200277 i 4500
999 _c129698
_d129698
001 18250785
003 ARRUPE
005 20190814120440.0
008 140801s2015 nyu b 001 0 eng
010 _a 2014008982
020 _a9780199385119 (hardcover : alk. paper)
040 _aDLC
_beng
_cDLC
_erda
_dDLC
042 _apcc
050 0 0 _aBD311
_b.T45 2015
082 0 0 _a111
_223
100 1 _aThomasson, Amie L.
_q(Amie Lynn),
_d1968-
_941366
245 1 0 _aOntology made easy /
_cAmie L. Thomasson.
260 _aOxford
_bOxford University Press
_c2015
300 _axiii, 345 p. ;
_c22 cm
504 _aIncludes bibliographical references (pages 331-340) and index.
650 0 _aOntology.
_947809
906 _a7
_bcbc
_corignew
_d1
_eecip
_f20
_gy-gencatlg
942 _2lcc
_cMONOGRAPH